[Event "Solingen-ch 2019"]
[Site "Solingen"]
[Date "2019.11.08"]
[Round "5.2"]
[White "Zolfagharian, Kevin"]
[Black "Becker, Carsten"]
[Result "1-0"]
[WhiteElo "2257"]
[BlackElo "1819"]
[PlyCount "45"]
[EventDate "2019.??.??"]
[WhiteTeam "SG Solingen"]
[BlackTeam "Elberfelder SG"]

1. e4 e6 2. Qe2 e5 3. Nf3 Nc6 4. c3 d5 5. exd5 Qxd5 6. d4 Bg4 7. dxe5 Bxf3 8.
Qxf3 Qxf3 9. gxf3 Nxe5 10. Be2 O-O-O 11. O-O f5 12. Be3 Kb8 13. Nd2 Nf6 14. Nb3
Be7 15. Nd4 Nd5 16. Nxf5 Nxe3 17. fxe3 Bc5 18. Rad1 g6 19. Nd4 Rhe8 20. Kf2 g5
21. Ne6 Rxd1 22. Rxd1 Nc6 23. Nxc5 1-0

[Event "Solingen-ch 2019"]
[Site "Solingen"]
[Date "2019.11.08"]
[Round "5.3"]
[White "Steinbach, Wolfgang"]
[Black "Kniest, Oliver"]
[Result "0-1"]
[WhiteElo "1983"]
[BlackElo "2292"]
[PlyCount "80"]
[EventDate "2019.??.??"]
[WhiteTeam "SG Solingen"]
[BlackTeam "SG Solingen"]

1. f4 d5 2. e3 g6 3. d4 Bg7 4. Bd3 Nh6 5. Nf3 O-O 6. O-O Bf5 7. Qe2 Bxd3 8.
cxd3 Nc6 9. Nc3 f6 10. Kh1 Nf7 11. e4 dxe4 12. dxe4 e5 13. d5 Nd4 14. Nxd4 exd4
15. Nb5 c5 16. dxc6 bxc6 17. Na3 Re8 18. Qd3 c5 19. Nc4 Re6 20. f5 Re7 21. Bf4
Qe8 22. Nd6 Nxd6 23. Bxd6 Rxe4 24. Bxc5 Qe5 25. Bb4 gxf5 26. Qc4+ Kh8 27. Rf3
Rd8 28. Raf1 d3 29. Rxd3 Rb8 30. Qf7 Rexb4 31. Rd7 Rg4 32. Re7 Rf8 33. Qxf8+
Bxf8 34. Rxe5 fxe5 35. Rxf5 Bd6 36. Rf2 Rd4 37. g3 Kg7 38. Kg2 e4 39. Re2 Kf6
40. Kf2 Bc5 0-1

[Event "Solingen-ch 2019"]
[Site "Solingen"]
[Date "2019.11.08"]
[Round "5.4"]
[White "Flesch, Dr. Stefan"]
[Black "Boschek, Dr. Hans-Joachim"]
[Result "1-0"]
[WhiteElo "2058"]
[BlackElo "1916"]
[PlyCount "45"]
[EventDate "2019.??.??"]
[WhiteTeam "SG Solingen"]
[BlackTeam "SG Solingen"]

1. d4 Nf6 2. c4 e6 3. Nc3 Bb4 4. e3 O-O 5. Bd3 d5 6. Nge2 b6 7. O-O Bb7 8. f3
c5 9. a3 Bxc3 10. bxc3 Nbd7 11. Ng3 Qc7 12. cxd5 Nxd5 13. c4 N5f6 14. Bb2 Rad8
15. Qc2 e5 16. d5 g6 17. Qc3 Ne8 18. f4 f6 19. a4 a5 20. Be2 Nd6 21. Bg4 e4 22.
Be6+ Kg7 23. Qc2 1-0

[Event "Solingen-ch 2019"]
[Site "Solingen"]
[Date "2019.11.08"]
[Round "5.5"]
[White "Fränzel, Dr. Marius"]
[Black "Speck, Stefan"]
[Result "0-1"]
[WhiteElo "1760"]
[BlackElo "1991"]
[PlyCount "36"]
[EventDate "2019.??.??"]
[WhiteTeam "SG Solingen"]
[BlackTeam "SC Solingen 28"]

1. e4 e6 2. d4 d5 3. exd5 exd5 4. c4 Nf6 5. Nf3 Bb4+ 6. Nc3 O-O 7. Be2 dxc4 8.
Bxc4 Bg4 9. O-O Nc6 10. a3 Be7 11. Be2 Re8 12. Be3 Nd5 13. Nxd5 Qxd5 14. Qa4
Bd6 15. h3 Bh5 16. Bc4 Qe4 17. Bxf7+ Bxf7 18. Ng5 Qd5 0-1

[Event "Solingen-ch 2019"]
[Site "Solingen"]
[Date "2019.11.08"]
[Round "5.6"]
[White "Cakir, Eren"]
[Black "Kushchan, Eduard"]
[Result "1-0"]
[WhiteElo "1689"]
[BlackElo "1944"]
[PlyCount "90"]
[EventDate "2019.??.??"]
[WhiteTeam "Bahn-SC Wuppertal"]
[BlackTeam "SG Solingen"]

1. d4 d5 2. Nf3 Nf6 3. g3 c5 4. dxc5 Nc6 5. c3 e6 6. b4 a5 7. Nd4 axb4 8. Nxc6
bxc6 9. cxb4 Qc7 10. Nc3 Qe5 11. Bb2 Be7 12. Bg2 Qh5 13. e4 Qxd1+ 14. Rxd1 Ba6
15. exd5 exd5 16. Bf1 O-O 17. Bxa6 Rxa6 18. O-O Rd8 19. a3 Ra7 20. Ne2 Rb7 21.
Rfe1 Ne4 22. Nc3 Ng5 23. Kg2 Bxc5 24. Bc1 Be7 25. Rxe7 Rxe7 26. Bxg5 f6 27. Be3
Rb8 28. Bc5 Rd7 29. a4 d4 30. Ne2 d3 31. Nd4 Rxd4 32. Bxd4 Rxb4 33. Rxd3 Rxa4
34. Be3 Rc4 35. Bd2 Kf7 36. Rc3 Rd4 37. Be3 Rd6 38. Kf3 g5 39. Ke4 h5 40. Rd3
Re6+ 41. Kd4 Kg6 42. Kc5 Kf5 43. h3 Ke5 44. Bd4+ Ke4 45. Re3+ Kf5 1-0

[Event "Solingen-ch 2019"]
[Site "Solingen"]
[Date "2019.11.08"]
[Round "5.7"]
[White "Lux, Andreas"]
[Black "Vranidis, Athanassios"]
[Result "0-1"]
[WhiteElo "1787"]
[BlackElo "1970"]
[PlyCount "74"]
[EventDate "2019.??.??"]
[WhiteTeam "SG Solingen"]
[BlackTeam "SG Solingen"]

1. d4 Nf6 2. Nf3 d5 3. e3 e6 4. Bd3 c5 5. c3 Bd6 6. Nbd2 Nbd7 7. O-O O-O 8. e4
dxe4 9. Nxe4 Nxe4 10. Bxe4 Nf6 11. Bg5 h6 12. Bxf6 Qxf6 13. Qa4 cxd4 14. Qxd4
e5 15. Qe3 Qe7 16. Rfe1 Re8 17. Rad1 Bc5 18. Qd3 Bg4 19. Bh7+ Kh8 20. Rxe5 Qc7
21. Rxe8+ Rxe8 22. Be4 Qb6 23. Rd2 Bxf3 24. gxf3 Qf6 25. Qd7 Qg5+ 26. Kf1 Rf8
27. Ke2 f5 28. Bxb7 Bb6 29. Bd5 Bxf2 30. Qe6 Bb6 31. Kd1 Be3 32. Re2 f4 33. c4
Qg1+ 34. Kc2 Qc1+ 35. Kb3 Qd1+ 36. Rc2 Rb8+ 37. Kc3 Qd4# 0-1

[Event "Solingen-ch 2019"]
[Site "Solingen"]
[Date "2019.11.08"]
[Round "5.8"]
[White "Rosenauer, Horst"]
[Black "Helfer, Bernd"]
[Result "1-0"]
[WhiteElo "1966"]
[BlackElo "1717"]
[PlyCount "65"]
[EventDate "2019.??.??"]
[WhiteTeam "Bergische SF"]
[BlackTeam "SC Erkrath"]

1. e4 c5 2. Nf3 e6 3. d4 cxd4 4. Nxd4 a6 5. Bd3 Nf6 6. O-O d6 7. c4 Be7 8. Nc3
O-O 9. Qe1 Qc7 10. Kh1 Nbd7 11. b3 b6 12. f3 Bb7 13. Be3 Rac8 14. Rc1 Qd8 15.
Bb1 d5 16. exd5 exd5 17. Nxd5 Nxd5 18. cxd5 Rxc1 19. Qxc1 Nf6 20. Nc6 Bxc6 21.
dxc6 Qc7 22. Bf4 Bd6 23. Bxd6 Qxd6 24. Rd1 Qc7 25. Qc2 g6 26. g3 Rc8 27. Rc1
Nd5 28. Qc4 Qe5 29. Qxa6 Re8 30. Qd3 Nb4 31. Qe4 Qxe4 32. Bxe4 f5 33. c7 1-0

[Event "Solingen-ch 2019"]
[Site "Solingen"]
[Date "2019.11.08"]
[Round "5.9"]
[White "Skiber, Friedel"]
[Black "Alexopoulos, Dr. Spiros"]
[Result "0-1"]
[WhiteElo "1735"]
[BlackElo "1926"]
[PlyCount "58"]
[EventDate "2019.??.??"]
[WhiteTeam "SG Solingen"]
[BlackTeam "Aachener SV"]

1. e4 e6 2. d4 d5 3. Nc3 Bb4 4. exd5 exd5 5. Qf3 Be6 6. a3 Be7 7. Bf4 Nf6 8.
Bd3 O-O 9. Nge2 Qd7 10. h3 a6 11. g4 c5 12. g5 Ne8 13. Ng3 c4 14. Bxh7+ Kxh7
15. Qh5+ Kg8 16. g6 fxg6 17. Qxg6 Rxf4 18. Nh5 Bf7 19. Qg3 Rxd4 20. Ne2 Re4 21.
Qf3 Bxh5 22. Qxh5 Nf6 23. Qf3 Qe6 24. Kd2 Nc6 25. Rad1 Rf8 26. Rhg1 Ng4 27. Qg3
Rxf2 28. hxg4 Rexe2+ 29. Kc1 Rxc2+ 0-1

[Event "Solingen-ch 2019"]
[Site "Solingen"]
[Date "2019.11.08"]
[Round "5.11"]
[White "Falk, Thomas"]
[Black "Kowalzick, Uwe"]
[Result "0-1"]
[WhiteElo "1558"]
[BlackElo "1782"]
[PlyCount "110"]
[EventDate "2019.??.??"]
[WhiteTeam "Elberfelder SG"]
[BlackTeam "Velberter SG"]

1. d4 d5 2. Bf4 e6 3. e3 c5 4. c3 c4 5. Nd2 Nc6 6. Ngf3 Bd6 7. Bg3 Bxg3 8. hxg3
Nf6 9. Qc2 Qa5 10. Be2 Bd7 11. Ne5 g6 12. Nxd7 Nxd7 13. f4 O-O-O 14. Nf3 f6 15.
a3 Rde8 16. b4 Qc7 17. Kf2 e5 18. a4 Re7 19. b5 Nd8 20. a5 Rhe8 21. Rhe1 e4 22.
Ng1 Ne6 23. Bg4 f5 24. Be2 g5 25. Nh3 Rg8 26. Rh1 Nf6 27. b6 axb6 28. axb6 Qxb6
29. Rhb1 Qc6 30. Ra8+ Kc7 31. Ra7 Kb8 32. Qa2 gxf4 33. Ra8+ Kc7 34. Rxg8 {(=)}
fxe3+ 35. Kxe3 Nxg8 36. Qa5+ b6 37. Qa7+ Qb7 38. Qxb7+ Kxb7 39. Nf4 Nf6 40. Nh5
Nxh5 41. Bxh5 Rg7 42. g4 fxg4 43. Rb5 Nc7 44. Rb2 Rg5 45. Bf7 Rf5 46. Rf2 Rxf2
47. Kxf2 Kc6 48. Bh5 Kd6 49. Bxg4 Nb5 50. Ke3 Nxc3 51. Bc8 b5 52. g4 b4 53. g5
b3 54. Kd2 b2 55. Kxc3 b1=Q 0-1

[Event "Solingen-ch 2019"]
[Site "Solingen"]
[Date "2019.11.08"]
[Round "5.13"]
[White "Bauer, Matthias"]
[Black "Fodor, Bernhard"]
[Result "1/2-1/2"]
[WhiteElo "1645"]
[BlackElo "1345"]
[PlyCount "74"]
[EventDate "2019.??.??"]
[WhiteTeam "SV Günnigfeld"]
[BlackTeam "SG Solingen"]

1. d4 d6 2. Nf3 Nd7 3. c3 h6 4. Bf4 Ngf6 5. h3 a6 6. e3 b5 7. Nbd2 Nb6 8. Bd3
Bb7 9. Qc2 c5 10. Ne4 e6 11. dxc5 Nxe4 12. Bxe4 Bxe4 13. Qxe4 d5 14. Qd4 Nc4
15. b4 f6 16. Qd3 Kf7 17. Nd2 Nb2 18. Qc2 Na4 19. Nb3 g5 20. Bh2 Bg7 21. Nd4
Rc8 22. O-O Qd7 23. Bd6 Rhd8 24. Rac1 f5 25. Qe2 Qe8 26. Qh5+ Kf6 27. Qxe8 Rxe8
28. Nf3 e5 29. Rfd1 Ke6 30. g4 Nb2 31. gxf5+ Kxf5 32. Rd2 Ke4 33. Nxg5+ hxg5
34. Rxb2 Kf3 35. Rd1 Rh8 36. Rxd5 Rxh3 37. Rd3 Ke4 1/2-1/2

[Event "Solingen-ch 2019"]
[Site "Solingen"]
[Date "2019.11.08"]
[Round "5.14"]
[White "Kondziella, Tim"]
[Black "Büttgenbach, Uwe Eugen"]
[Result "1-0"]
[WhiteElo "983"]
[BlackElo "1583"]
[PlyCount "61"]
[EventDate "2019.??.??"]
[WhiteTeam "SG Solingen"]
[BlackTeam "Klub Kölner SF"]

1. d4 Nf6 2. c4 e5 3. dxe5 Ng4 4. Nf3 Nc6 5. Nc3 Bb4 6. e3 O-O 7. Be2 Ngxe5 8.
Bd2 d6 9. a3 Bxc3 10. Bxc3 Bf5 11. O-O Qe7 12. b4 a6 13. b5 axb5 14. cxb5 Nd8
15. Nxe5 dxe5 16. Bb4 Qg5 17. f4 exf4 18. exf4 Qg6 19. Bxf8 Kxf8 20. Bf3 Qb6+
21. Kh1 Qxb5 22. Re1 Ne6 23. Re5 Qb6 24. Rxf5 Rd8 25. Rd5 Rxd5 26. Bxd5 Nxf4
27. Bxb7 g5 28. Qd8+ Kg7 29. Qxg5+ Kf8 30. Rf1 Nd3 31. Qd8+ 1-0

[Event "Solingen-ch 2019"]
[Site "Solingen"]
[Date "2019.11.08"]
[Round "5.15"]
[White "Schubert, Stefan"]
[Black "Sereda, Yaroslava"]
[Result "0-1"]
[WhiteElo "1572"]
[BlackElo "1687"]
[PlyCount "62"]
[EventDate "2019.??.??"]
[WhiteTeam "SG Solingen"]
[BlackTeam "SG Solingen"]

1. c4 Nf6 2. Nc3 g6 3. g3 Bg7 4. Bg2 c5 5. e3 d6 6. Nge2 Nc6 7. Rb1 O-O 8. a3
Ne5 9. d3 Rb8 10. f4 Ned7 11. O-O b6 12. b4 Bb7 13. Bxb7 Rxb7 14. b5 Nb8 15. a4
d5 16. Nxd5 Nxd5 17. cxd5 Qxd5 18. Qb3 Rd7 19. Qxd5 Rxd5 20. d4 cxd4 21. Rd1 d3
22. Nd4 Bxd4 23. Rxd3 Bxe3+ 24. Rxe3 Rd1+ 25. Kg2 Rc8 26. Rxe7 Nd7 27. Ra1 Rc2+
28. Kh3 Kf8 29. Kg4 h5+ 30. Kg5 Rc5+ 31. Kh6 Kxe7 0-1

[Event "Solingen-ch 2019"]
[Site "Solingen"]
[Date "2019.11.29"]
[Round "6.1"]
[White "Borchert, Stephan"]
[Black "Zolfagharian, Kevin"]
[Result "0-1"]
[WhiteElo "2033"]
[BlackElo "2257"]
[PlyCount "86"]
[EventDate "2019.??.??"]
[WhiteTeam "SG Solingen"]
[BlackTeam "SG Solingen"]

1. e4 c5 2. Nc3 Nc6 3. Bb5 Nd4 4. Bc4 g6 5. Nf3 Bg7 6. Nxd4 cxd4 7. Qf3 Nh6 8.
d3 O-O 9. Nb1 Ng4 10. Qg3 d6 11. O-O Qc7 12. Bb3 Qc5 13. h3 Ne5 14. Bg5 Nc6 15.
c4 Be6 16. Na3 f6 17. Bd2 f5 18. f3 Nb4 19. Bxb4 Qxb4 20. Qe1 Qc5 21. exf5 Bxf5
22. Bc2 e5 23. b4 Qc8 24. g4 Bd7 25. b5 Rf4 26. Bd1 Qc5 27. Nc2 Raf8 28. Be2
Bxb5 29. cxb5 Qxc2 30. Qd1 Qc7 31. Rc1 Qe7 32. Kg2 R4f7 33. Qd2 Qh4 34. Qe1 Qg5
35. Rc2 Bh6 36. Bd1 Qf6 37. h4 Be3 38. Re2 d5 39. Bb3 Qe6 40. Rc2 Rf4 41. Qg3
Qd6 42. Qe1 Kh8 43. Qd1 e4 0-1

[Event "Solingen-ch 2019"]
[Site "Solingen"]
[Date "2019.11.29"]
[Round "6.2"]
[White "Flesch, Dr. Stefan"]
[Black "Görke, Joachim"]
[Result "1/2-1/2"]
[WhiteElo "2058"]
[BlackElo "2103"]
[PlyCount "96"]
[EventDate "2019.??.??"]
[WhiteTeam "SG Solingen"]
[BlackTeam "SG Solingen"]

1. d4 d5 2. c4 c6 3. cxd5 cxd5 4. Nf3 Nc6 5. Nc3 Nf6 6. Bf4 Ne4 7. e3 Qa5 8.
Qb3 e6 9. Bd3 Bb4 10. Rc1 Nxc3 11. bxc3 Ba3 12. Rb1 O-O 13. O-O a6 14. e4 Ne7
15. Bd2 dxe4 16. Bxe4 Bd6 17. c4 Qc7 18. g3 f5 19. Bc2 Ng6 20. c5 Be7 21. Ng5
Qd7 22. Qc4 h6 23. Ba4 Qd5 24. Qxd5 exd5 25. Nf3 f4 26. Bc2 fxg3 27. fxg3 Rf6
28. Bb3 Be6 29. Be3 Raf8 30. Nd2 Rxf1+ 31. Nxf1 Rb8 32. Bc2 Bf7 33. Rb6 Bf6 34.
c6 Ne7 35. cxb7 Be8 36. Kg2 Bc6 37. Bb3 Rxb7 38. Rxa6 Rd7 39. Bc2 Kf7 40. Nd2
Rc7 41. Bd3 Bd7 42. Ra3 Nf5 43. Bxf5 Bxf5 44. Kf3 g5 45. g4 Bg6 46. Ra5 Ke6 47.
Ra6+ Kf7 48. Ra5 Ke6 1/2-1/2

[Event "Solingen-ch 2019"]
[Site "Solingen"]
[Date "2019.11.29"]
[Round "6.3"]
[White "Kniest, Oliver"]
[Black "Cakir, Eren"]
[Result "1-0"]
[WhiteElo "2292"]
[BlackElo "1689"]
[PlyCount "59"]
[EventDate "2019.??.??"]
[WhiteTeam "SG Solingen"]
[BlackTeam "Bahn-SC Wuppertal"]

1. d4 Nf6 2. c4 e6 3. Nf3 b6 4. e3 Bb7 5. Bd3 Be7 6. O-O O-O 7. Nc3 d5 8. cxd5
exd5 9. b3 Nbd7 10. Bb2 Ne4 11. Rc1 f5 12. Ne2 Ndf6 13. Ne5 Nd7 14. Nc6 Bxc6
15. Rxc6 Bd6 16. Nf4 Bxf4 17. exf4 Rc8 18. Re1 Nb8 19. Rc2 Qd7 20. Rce2 Rce8
21. Qc2 c6 22. Ba3 Nd6 23. Rxe8 Rxe8 24. Rxe8+ Nxe8 25. Bxf5 Qf7 26. Bxh7+ Kh8
27. Qf5 Qc7 28. Qh3 Nf6 29. Bf5+ Kg8 30. Be6+ 1-0

[Event "Solingen-ch 2019"]
[Site "Solingen"]
[Date "2019.11.29"]
[Round "6.4"]
[White "Speck, Stefan"]
[Black "Steinbach, Wolfgang"]
[Result "0-1"]
[WhiteElo "1991"]
[BlackElo "1983"]
[PlyCount "66"]
[EventDate "2019.??.??"]
[WhiteTeam "SC Solingen 28"]
[BlackTeam "SG Solingen"]

1. e4 Nc6 2. Nc3 Nf6 3. Nf3 d5 4. e5 Nd7 5. e6 fxe6 6. d4 g6 7. Bf4 a6 8. Qd2
Bg7 9. h4 Nf6 10. Bh6 Bxh6 11. Qxh6 Qd6 12. O-O-O Bd7 13. Bd3 O-O-O 14. Qd2 e5
15. dxe5 Nxe5 16. Nxe5 Qxe5 17. Rhe1 Qd6 18. Be2 Bc6 19. g4 d4 20. Qh6 Qc5 21.
Nb1 Be4 22. Bd3 Bxd3 23. Rxd3 Nxg4 24. Qf4 h5 25. Qf7 Rhf8 26. Qxe7 Qxe7 27.
Rxe7 Rxf2 28. Nd2 Ne3 29. b3 Rf4 30. Rg7 Rd6 31. b4 Rxh4 32. Nb3 Rh1+ 33. Kb2
Nc4# 0-1

[Event "Solingen-ch 2019"]
[Site "Solingen"]
[Date "2019.11.23"]
[Round "6.5"]
[White "Vranidis, Athanassios"]
[Black "Rosenauer, Horst"]
[Result "1/2-1/2"]
[WhiteElo "1970"]
[BlackElo "1966"]
[PlyCount "49"]
[EventDate "2019.??.??"]
[WhiteTeam "SG Solingen"]
[BlackTeam "Bergische SF"]

1. d4 Nf6 2. c4 c5 3. d5 e6 4. Nc3 exd5 5. cxd5 d6 6. e4 g6 7. h3 Bg7 8. Nf3
O-O 9. Bd3 Na6 10. O-O Re8 11. Re1 Nb4 12. Bb1 a5 13. a3 Na6 14. Bd3 Nc7 15. a4
Na6 16. Bf4 Nb4 17. Bc4 Nh5 18. Bh2 Bf8 19. Nb5 f6 20. Qd2 b6 21. Re2 Ba6 22.
g4 Ng7 23. Qf4 Be7 24. b3 Bxb5 25. Bxb5 1/2-1/2

[Event "Solingen-ch 2019"]
[Site "Solingen"]
[Date "2019.11.29"]
[Round "6.6"]
[White "Alexopoulos, Dr. Spiros"]
[Black "Becker, Carsten"]
[Result "1/2-1/2"]
[WhiteElo "1926"]
[BlackElo "1819"]
[PlyCount "32"]
[EventDate "2019.??.??"]
[WhiteTeam "Aachener SV"]
[BlackTeam "Elberfelder SG"]

1. e4 e6 2. d4 d5 3. Nc3 dxe4 4. Nxe4 Nd7 5. Nf3 Ngf6 6. Bg5 h6 7. Nxf6+ Nxf6
8. Bf4 c5 9. dxc5 Qxd1+ 10. Rxd1 Bxc5 11. Bb5+ Bd7 12. Rxd7 Nxd7 13. Ne5 Rd8
14. Bxd7+ Rxd7 15. Nxd7 Kxd7 16. Ke2 Ke7 1/2-1/2

[Event "Solingen-ch 2019"]
[Site "Solingen"]
[Date "2019.11.29"]
[Round "6.7"]
[White "Meckel, Helmut"]
[Black "Kushchan, Eduard"]
[Result "0-1"]
[WhiteElo "1857"]
[BlackElo "1944"]
[PlyCount "102"]
[EventDate "2019.??.??"]
[WhiteTeam "SG Solingen"]
[BlackTeam "SG Solingen"]

1. b4 e5 2. Bb2 Bxb4 3. Bxe5 Nf6 4. c4 O-O 5. e3 Re8 6. Bb2 c6 7. Be2 d5 8.
cxd5 cxd5 9. Nf3 Nc6 10. O-O Qe7 11. a3 Bd6 12. Nc3 a6 13. Qb3 Be6 14. d4 Rad8
15. a4 Ne4 16. Ba3 Na5 17. Qb2 Rc8 18. Nxe4 dxe4 19. Nd2 Bd5 20. Bxd6 Qxd6 21.
Rfc1 Rc6 22. Rxc6 Qxc6 23. Rc1 Qd7 24. Qb4 Nc6 25. Qb6 Qd8 26. Qxd8 Rxd8 27.
Rc5 Nb4 28. a5 Kf8 29. Bc4 Bc6 30. f3 exf3 31. gxf3 Rd6 32. Ne4 Rg6+ 33. Kf2
Bxe4 34. fxe4 Rc6 35. Bd5 Rxc5 36. dxc5 Nd3+ 37. Ke2 Nxc5 38. Kd2 Ke7 39. Kc3
Kd6 40. Kd4 f6 41. h4 g6 42. Kc4 h6 43. Bf7 g5 44. hxg5 hxg5 45. Bd5 g4 46. e5+
fxe5 47. Bg2 g3 48. Kc3 e4 49. Kd4 Kc6 50. Bf1 Nb3+ 51. Kxe4 Nd2+ 0-1

[Event "Solingen-ch 2019"]
[Site "Solingen"]
[Date "2019.11.29"]
[Round "6.8"]
[White "Kowalzick, Uwe"]
[Black "Fränzel, Dr. Marius"]
[Result "1/2-1/2"]
[WhiteElo "1782"]
[BlackElo "1760"]
[PlyCount "39"]
[EventDate "2019.??.??"]
[WhiteTeam "Velberter SG"]
[BlackTeam "SG Solingen"]

1. d4 d5 2. Nf3 Nf6 3. Bf4 c5 4. Nc3 a6 5. dxc5 Nc6 6. e3 e6 7. Be2 Bxc5 8. a3
Bd6 9. Bg5 Be7 10. O-O O-O 11. Nd4 e5 12. Nb3 Be6 13. Qe1 h6 14. Bh4 Qc7 15. f4
d4 16. fxe5 Qxe5 17. Bg3 Qxe3+ 18. Bf2 Qe5 19. Bg3 Qe3+ 20. Bf2 1/2-1/2

[Event "Solingen-ch 2019"]
[Site "Solingen"]
[Date "2019.11.29"]
[Round "6.9"]
[White "Boschek, Dr. Hans-Joachim"]
[Black "Lux, Andreas"]
[Result "1-0"]
[WhiteElo "1916"]
[BlackElo "1787"]
[PlyCount "59"]
[EventDate "2019.??.??"]
[WhiteTeam "SG Solingen"]
[BlackTeam "SG Solingen"]

1. e4 c5 2. Nf3 e6 3. b3 Nf6 4. e5 Nd5 5. c4 Nb6 6. Bb2 Nc6 7. Bd3 d5 8. exd6
Bxd6 9. Qe2 O-O 10. h4 Be7 11. Ng5 h6 12. Bh7+ Kh8 13. Bc2 Nd4 14. Qd3 f5 15.
Bd1 Bxg5 16. hxg5 Qxg5 17. Bxd4 cxd4 18. Qxd4 Qf6 19. Qxf6 Rxf6 20. Bf3 e5 21.
d3 Nd7 22. Nc3 Nc5 23. O-O-O a5 24. Rhe1 Re6 25. Bd5 Re7 26. Re2 Ra6 27. f4 e4
28. dxe4 fxe4 29. Bxe4 Bg4 30. Rd8+ 1-0

[Event "Solingen-ch 2019"]
[Site "Solingen"]
[Date "2019.11.29"]
[Round "6.10"]
[White "Helfer, Bernd"]
[Black "Skiber, Friedel"]
[Result "1-0"]
[WhiteElo "1717"]
[BlackElo "1735"]
[PlyCount "93"]
[EventDate "2019.??.??"]
[WhiteTeam "SC Erkrath"]
[BlackTeam "SG Solingen"]

1. Nf3 c5 2. g3 Nc6 3. Bg2 e5 4. d3 d5 5. O-O f6 6. c4 d4 7. Bd2 a5 8. Na3 Nh6
9. Nc2 Nf5 10. a3 a4 11. Rb1 Nd6 12. b4 axb3 13. Rxb3 Na5 14. Bxa5 Rxa5 15. Qb1
Be7 16. Nd2 Ra7 17. Ne4 Nf7 18. Rb5 Ra5 19. Rxa5 Qxa5 20. Qb5+ Qxb5 21. cxb5 b6
22. Nd2 O-O 23. Nc4 Bd8 24. Bd5 Bc7 25. a4 Kh8 26. Ra1 Nd6 27. Nxd6 Bxd6 28. a5
bxa5 29. Rxa5 Bc7 30. Ra8 Rd8 31. Bc6 h6 32. Na3 Kh7 33. Be4+ f5 34. Rxc8 fxe4
35. Rxc7 exd3 36. exd3 e4 37. dxe4 d3 38. Nc4 Rd4 39. Rxc5 Rxe4 40. Ne3 Rd4 41.
Kf1 Rb4 42. Ke1 Rb2 43. Rd5 Re2+ 44. Kd1 Rxf2 45. Rxd3 Rxh2 46. Rb3 Rh1+ 47.
Ke2 1-0

[Event "Solingen-ch 2019"]
[Site "Solingen"]
[Date "2019.11.27"]
[Round "6.14"]
[White "Fodor, Bernhard"]
[Black "Falk, Thomas"]
[Result "0-1"]
[WhiteElo "1345"]
[BlackElo "1558"]
[PlyCount "56"]
[EventDate "2019.??.??"]
[WhiteTeam "SG Solingen"]
[BlackTeam "Elberfelder SG"]

1. f4 d5 2. Nf3 c5 3. d3 Nf6 4. g3 Nc6 5. c3 b6 6. Bg2 Bb7 7. O-O e6 8. Qa4 Be7
9. Ne5 Qc7 10. Na3 O-O 11. Nb5 Qc8 12. Nxc6 Bxc6 13. Nxa7 Bxa4 14. Nxc8 Raxc8
15. b3 Bc6 16. Re1 Rfd8 17. Bh3 d4 18. c4 Rb8 19. a4 Ra8 20. Bd2 Ra7 21. g4
Rda8 22. e4 dxe3 23. Rxe3 Bd6 24. Rf1 Re8 25. Bc3 Be7 26. f5 exf5 27. Bxf6 Bxf6
28. Rxe8+ Bxe8 0-1

[Event "Solingen-ch 2019"]
[Site "Solingen"]
[Date "2019.09.06"]
[Round "1.11"]
[White "Boschek, Dr. Hans-Joachim"]
[Black "Helfer, Bernd"]
[Result "0-1"]
[WhiteElo "1916"]
[BlackElo "1717"]
[PlyCount "50"]
[EventDate "2019.??.??"]
[WhiteTeam "SG Solingen"]
[BlackTeam "SC Erkrath"]

{1. d4 Nf6 2. Nf3 e6 3. g3 c5 4. Bg2 Be7 5. O-O O-O
6. c4 cxd4 7. Nxd4 Nc6 8. Nc3 a6 9. Nc2 Qc7 10. b3 Rd8 11. e4 d6 12. Bb2 b6 13.
Qe2 Bb7 14. Rad1 Nb8 15. f4 Nbd7 16. Kh1 Rac8 17. g4 d5 18. exd5 exd5 19. Qxe7
Re8 20. Qa3 dxc4 21. Qd6 Bxg2+ 22. Kxg2 Qb7+ 23. Kg3 cxb3 24. Nd4 Rxc3+ 25.
Bxc3 Ne4+ 0-1

[Event "Solingen-ch 2019"]
[Site "Solingen"]
[Date "2019.12.06"]
[Round "7.2"]
[White "Görke, Joachim"]
[Black "Steinbach, Wolfgang"]
[Result "1-0"]
[WhiteElo "2103"]
[BlackElo "1983"]
[PlyCount "87"]
[EventDate "2019.??.??"]
[WhiteTeam "SG Solingen"]
[BlackTeam "SG Solingen"]

1. e4 Nc6 2. Nf3 f5 3. d3 d6 4. Nc3 e5 5. Nd5 Nf6 6. Bg5 Be7 7. h4 fxe4 8. Bxf6
exf3 9. Bxe7 Nxe7 10. Nxe7 Qxe7 {(=)} 11. Qxf3 c6 12. O-O-O Qf7 13. Qxf7+ Kxf7
14. f3 Be6 15. d4 Rad8 16. dxe5 dxe5 17. Bd3 h6 18. Rhe1 Kf6 19. g4 g5 20. Rh1
Bd5 21. Rh3 Be6 22. Rdh1 Kg7 23. hxg5 hxg5 24. Rh7+ Rxh7 25. Rxh7+ Kf6 26. Rxb7
Bd5 27. Be2 a5 28. c4 Be6 29. Rb6 Rd4 30. Rxc6 e4 31. fxe4 Rxe4 32. Kd2 Ke5 33.
Rc5+ Kf4 34. Rxa5 Bxg4 35. Bxg4 Kxg4 36. Kd3 Re8 37. c5 Kf4 38. Ra7 g4 39. Rf7+
Kg3 40. Rg7 Kf3 41. b4 g3 42. c6 Kf2 43. b5 g2 44. Rxg2+ 1-0

[Event "Solingen-ch 2019"]
[Site "Solingen"]
[Date "2019.12.06"]
[Round "7.3"]
[White "Rosenauer, Horst"]
[Black "Flesch, Dr. Stefan"]
[Result "1-0"]
[WhiteElo "1966"]
[BlackElo "2058"]
[PlyCount "117"]
[EventDate "2019.??.??"]
[WhiteTeam "Bergische SF"]
[BlackTeam "SG Solingen"]

1. e4 Nc6 2. Nf3 e6 3. d4 d5 4. e5 f6 5. Bb5 Bd7 6. a4 a6 7. Bxc6 Bxc6 8. O-O
Qd7 9. c3 f5 10. b4 Nh6 11. Re1 Nf7 12. Nh4 Qe7 13. g3 g6 14. Nd2 Qd8 15. Nb3
b6 16. Ng2 Be7 17. Nf4 Qc8 18. Bd2 O-O 19. Nc1 Qd7 20. Ncd3 Bb7 21. Qb3 Nd8 22.
h4 Kh8 23. Qd1 Qe8 24. Nh3 Rg8 25. Kg2 Nf7 26. Ndf4 Qd7 27. Rh1 c5 28. Nd3 Rac8
29. Ng5 Nxg5 30. hxg5 cxd4 31. cxd4 Rc4 32. Rh4 Rg7 33. Nb2 Rc7 34. Qb3 Qd8 35.
Qe3 Rc2 36. Nd3 Rc4 37. Rah1 Kg8 38. Rh6 Qe8 39. Qf4 Qf7 40. Qh4 Bc6 41. Be3
Bxb4 42. Nf4 Kf8 43. Rxh7 Rxh7 44. Qxh7 Qxh7 45. Rxh7 Bxa4 46. Nxg6+ Kg8 47.
Ra7 a5 48. Nf4 Be8 49. Nxe6 Rc8 50. g6 Bf8 51. g7 Bb4 52. Ng5 a4 53. e6 a3 54.
Bf4 Ba5 55. Be5 a2 56. Rf7 Bb4 57. Ra7 Ba5 58. Nf7 Bd2 59. f4 1-0

[Event "Solingen-ch 2019"]
[Site "Solingen"]
[Date "2019.12.06"]
[Round "7.4"]
[White "Cakir, Eren"]
[Black "Borchert, Stephan"]
[Result "1/2-1/2"]
[WhiteElo "1689"]
[BlackElo "2033"]
[PlyCount "103"]
[EventDate "2019.??.??"]
[WhiteTeam "Bahn-SC Wuppertal"]
[BlackTeam "SG Solingen"]

1. Nf3 Nf6 2. d4 g6 3. g3 Bg7 4. Bg2 O-O 5. O-O d5 6. c3 c6 7. Nbd2 h6 8. Re1
Ne4 9. Nxe4 dxe4 10. Ne5 Qd5 11. Qc2 Bf5 12. g4 f6 13. gxf5 fxe5 14. Bxe4 Qf7
15. dxe5 gxf5 16. Bg2 f4 17. Qe4 e6 18. b3 Nd7 19. Ba3 Rfe8 20. Bd6 Qh5 21.
Qxf4 Nxe5 22. Qg3 Nf7 23. Bf3 Qg5 24. Red1 Bxc3 25. Rac1 Bb2 26. Rc2 Bf6 27.
Bf4 Qxg3+ 28. hxg3 Red8 29. Rcd2 Rxd2 30. Rxd2 Rd8 31. Bh5 Ng5 32. Rxd8+ Bxd8
33. Bxg5 hxg5 34. e3 Kg7 35. Kf1 Kf6 36. Ke2 Ke5 37. f4+ gxf4 38. gxf4+ Kd6 39.
Kd3 Bc7 40. b4 Bd8 41. Bf3 Bh4 42. a4 b6 43. Kc4 Bf2 44. e4 a6 45. b5 cxb5+ 46.
axb5 a5 47. e5+ Ke7 48. Be4 Bg3 49. f5 exf5 50. Bxf5 Bxe5 51. Be4 Kd6 52. Bd5
1/2-1/2